LIBRARY ONLINE CATALOGUE

Taking Tanganyika : (Record no. 12484)

MARC details
000 -LEADER
fixed length control field 00563nam a22001812 4500
001 - CONTROL NUMBER
control field 0000001009
005 - DATE AND TIME OF LATEST TRANSACTION
control field 20151217155807.0
008 - FIXED-LENGTH DATA ELEMENTS--GENERAL INFORMATION
fixed length control field 070223s xx 000 0 eng d
040 ## - CATALOGING SOURCE
Original cataloging agency KABU
Transcribing agency KABU
050 #0 - LIBRARY OF CONGRESS CALL NUMBER
Classification number DT439
Item number .T46
100 1# - MAIN ENTRY--PERSONAL NAME
Personal name Thornhill, Christopher.
-- 0000149495
245 10 - TITLE STATEMENT
Title Taking Tanganyika :
Remainder of title experiences of intelligence officer 1914-1918 /
Statement of responsibility, etc. Christopher Thornhill.
300 ## - PHYSICAL DESCRIPTION
Extent 288 p.
651 #0 - SUBJECT ADDED ENTRY--GEOGRAPHIC NAME
Geographic name Tanzania
General subdivision Description and travel.
-- 0000149496
908 ## - PUT COMMAND PARAMETER (RLIN)
Put command parameter 070223
950 ## - LOCAL HOLDINGS (RLIN)
-- 1
Holdings
Withdrawn status Lost status Source of classification or shelving scheme Not for loan Home library Current library Date acquired Total Checkouts Full call number Barcode Date last seen Price effective from Koha item type
    Library of Congress Classification   Kabarak, Main Campus Kabarak, Main Campus 17/12/2015   DT439 .T46 001779 17/12/2015 17/12/2015 Africana Collection